Statistics for Years in History #2 - Multiple Choice

Click here to take the quiz!

General Stats

  • This quiz has been taken 35,303 times
  • The average score is 13 of 20

Answer Stats

QuestionAnswer% Correct
Japan and Germany surrender, ending WWII1945
99%
September 11 attacks on the United States2001
98%
Slavery is abolished in the British Empire1833
78%
Julius Caesar assassinated44 BC
77%
The Cuban Missile Crisis1962
75%
The Mayflower brings the Pilgrims to Massachusetts1620
73%
Thomas Jefferson buys Louisiana Territory from France1803
73%
Abraham Lincoln assassinated1865
73%
U.S. Constitution ratified1788
70%
A bakery on Pudding Lane starts the Great Fire of London1666
68%
Edward VIII abdicates to marry American divorcée Wallis Simpson1936
62%
Queen Elizabeth I dies, ending the Tudor Dynasty1603
60%
Johannes Gutenberg invents the printing press1450
59%
Charles Lindbergh flies solo from New York to Paris1927
58%
Christians capture Jerusalem during the First Crusade1099
56%
Henry V defeats the French at the Battle of Agincourt1415
55%
England and Scotland are joined by the Acts of Union1707
53%
The Great Pyramid of Giza completed (approximately)2560 BC
52%
British colonies unite to become the Dominion of Canada1867
49%
Christians complete the "Reconquista" by defeating the last Islamic kingdom in Spain1492
42%

Score Distribution

Percentile by Number Answered

Percent of People with Each Score

Your Score History

You have not taken this quiz